000 00545nam a2200157Ia 4500
008 160316s2011 xxu||||| |||| 00| 0 eng d
082 _a348.060000
_bPRA
100 _aPrakash S.B.N
245 _aRefresher Programme for the Officers of Estate and Legal Department of Life Insurance Corporation of India, 30 Jun.-2 Jul. 2011, Vol.II
250 _a
260 _aBangalore
_bNational Law School of India University
_c2011
300 _a106
_b
_c
365 _b
650 _aEstate, legal law, life insurance corporation of India
700 _a
_a
999 _c31377
_d31377